|
|
|
|
| LEADER |
00000nta a2200000 i 4500 |
| 001 |
dolg12935 |
| 005 |
20180208110650.0 |
| 008 |
171128suuuu hu om 000 hun d |
| 040 |
|
|
|a BGE Dolgozattár Repozitórium
|b hun
|
| 041 |
|
|
|a hu
|
| 100 |
1 |
|
|a Sorbán Edit Diána
|
| 245 |
1 |
0 |
|a Új vezetési rendszerek elméleti és gyakorlati kérdései a szállodaiparban
|c Sorbán Edit Diána
|h [elektronikus dokumentum]
|
| 695 |
|
|
|a Motiváció elméletek
|
| 695 |
|
|
|a Vezetői rendszerek
|
| 700 |
1 |
|
|a Oláh Péter Károly
|e ths
|
| 856 |
4 |
0 |
|u http://dolgozattar.uni-bge.hu/12935/1/Sorb%C3%A1n%20Edit%20Di%C3%A1na-szakdolgozat.pdf
|z Dokumentum-elérés
|